000 00292nam a2200121Ia 4500
008 190216s9999||||xx |||||||||||||| ||und||
100 _aAkkitham Achyuthan Namboodiri
245 0 _aBalidarshanam
260 _bP K Brothers
_c1974
300 _a50p
650 _aMalayalam Kavitha
942 _cBK
999 _c29892
_d29892